00545nam a2200133Ia 4500003000900000005001700009008004100026040002800067110008500095245003200180260013100212300004000343650002800383DO-SdBJH20180418012830.0180414s9999 dr 000 0 spa d aDO-SdBJHbspacDO-SdBJH aEscuela de Graduados de Educación Superior "General Juan Pablo Duarte y Diez"10aReglamento académico 2008 aSanto Domingo, República Dominicana : Escuela de Graduados de Educación Superior "General Juan Pablo Duarte y Diez", 2008 a37 páginas en varias paginaciones 4aReglamento académico